| 000 | 00794nam a2200241 4500 | ||
|---|---|---|---|
| 003 | OSt | ||
| 005 | 20260530115308.0 | ||
| 008 | 260421b1982 mx a|||| |||| 00| 0 spa d | ||
| 020 | _a9686661034 | ||
| 040 |
_aICI _bspa _cICI |
||
| 050 | 4 |
_aF1219.3P8 _bR49 |
|
| 100 | 1 |
_aReynoso, Louisa, _927632 |
|
| 245 | 1 | 3 |
_a La cerámica indígena en México / _cLouisa Reynoso |
| 250 | _aPrimera edición | ||
| 264 | 1 |
_b Fondo Nacional para el Fomento de las Artesanias : _bFondo Nacional para Actividades Sociales _c1982 _aMixcoac, D.F. : |
|
| 300 |
_a95 páginas _bilustraciones, mapa |
||
| 336 |
_atexto _2rdacontent |
||
| 337 |
_asin medio _2rdamedia |
||
| 338 |
_avolumen _2rdacarrier |
||
| 650 | 4 |
_aAlfarería indígena _zMéxico _932354 |
|
| 650 | 4 |
_aAlfarería _zMéxico _932355 |
|
| 942 |
_2lcc _cBK |
||
| 999 |
_c13199 _d13199 |
||